Statistics for Greenday Lyrics Quiz- Good Riddance (Time of your life)

Click here to take the quiz!

General Stats

  • This quiz has been taken 851 times
  • The average score is 15 of 18

Answer Stats

HintAnswer% Correct
in ___ ____the road
96%
Directs you where __ __to go
95%
Another turning point a ____ _____fork stuck
94%
I hope you have the ____ __ ____ ____time of your life
94%
It's something unpredictable ___ __ ___ ___but in the end
91%
Learned __ ____in time
91%
It's not a question but a ______lesson
91%
It's _____right
90%
And don't ask ___why
90%
Time grabs you by ___ _____the wrist
82%
I hope you ____ the time of your lifehad
81%
It's something unpredictable but in the end it's _____right
81%
In your ____mind
80%
For what it's worth, it was ____ all the ____worth while
77%
So make the best of this ____test
70%
So take the _______ and _____ ______photographs still frames
69%
Hang them on a _____ in good _____ and ____ ____shelf health good time
61%
Tattooes and memories, dead ____ on ____skin trial
59%

Score Distribution

Percentile by Number Answered

Percent of People with Each Score

Your Score History

You have not taken this quiz